logo

Bir Sreshtho Munshi Abdur Rouf Library
Jhenaidah Cadet College

Advanced Biology / (Record no. 5820)

MARC details
000 -LEADER
fixed length control field 00544nam a2200217 a 4500
001 - CONTROL NUMBER
JCCL Control Number 5820
003 - CONTROL NUMBER IDENTIFIER
JCCL marc code BD-JhCC
005 - DATE AND TIME OF LATEST TRANSACTION
control field 20171227133309.0
008 - FIXED-LENGTH DATA ELEMENTS--GENERAL INFORMATION
fixed length control field 171227s1997 uk ||||| |||| 00| 0 eng d
020 ## - INTERNATIONAL STANDARD BOOK NUMBER
International Standard Book Number 0521484731
035 ## - SYSTEM CONTROL NUMBER
system control number (BD-JhCC)5820
040 ## - CATALOGING SOURCE
Original cataloging agency BD-JhCC
Modifying agency BD-JhCC
041 ## - LANGUAGE CODE
Language code of Book eng
082 ## - DEWEY DECIMAL CLASSIFICATION NUMBER
Classification number 570
Author mark and Year JON 1997
245 ## - TITLE STATEMENT
Title Advanced Biology /
Statement of responsibility, etc Mary Jones and Geoff Jones
260 ## - PUBLICATION, DISTRIBUTION, ETC. (IMPRINT)
Place of publication, distribution, etc USA :
Name of publisher, distributor, etc Cambridge University Press,
Date of publication, distribution, etc 1997.
300 ## - PHYSICAL DESCRIPTION
Pagination 554 p. :
Other physical details ill;
Dimensions 23 cm.
650 ## - SUBJECT ADDED ENTRY--TOPICAL TERM
Topical term or geographic name as entry element Biology
942 ## - ADDED ENTRY ELEMENTS (KOHA)
Source of classification or shelving scheme Dewey Decimal Classification
Koha item type Books
Holdings
Source of classification or shelving scheme Damaged status Not for loan Home library Current library Shelving location Date of accession Total Checkouts Full call number Barcode Date last seen Copy number Koha item type Source of acquisition
Dewey Decimal Classification     JCC Rouf Library JCC Rouf Library General Stacks 12/27/2017   570 JON 1997 7817 12/27/2017 C - 1 Books  
Dewey Decimal Classification     JCC Rouf Library JCC Rouf Library General Stacks 02/12/2018   570 JON 1997 10206 02/12/2018 C-2 Books Zahedee Foundation

JCC Library | Contacts | JCC Home

Last Update on 23 September 2017
Copyright @ 2017-2020 JCC Rouf Library
Rouf Library, Jhenidah Cadet College (JCC), Bangladesh